| 000 | 00889nas a2200301 4500 | ||
|---|---|---|---|
| 001 | BR2015002749 | ||
| 003 | BR-BrBNA | ||
| 005 | 20231205125329.0 | ||
| 007 | ta | ||
| 008 | 230509b bl.|||p| |||| 00| 00por d | ||
| 040 |
_aBR-BrBNA _bpor _cBiblioteca Nacional de Agricultura |
||
| 041 | _a(Pt) | ||
| 072 | _aP32; F07 | ||
| 100 | 1 | _aEurich, J. | |
| 100 | 1 | _aWeirich neto, P.H. | |
| 100 | 1 | _aRocha, C.H. | |
| 100 | 1 | _aEurich, Z.R. dos S. | |
| 245 | 1 | _aAvaliação visual da qualidade da estrutura do solo em sistemas de uso das terras | |
| 650 | _aESTRUTURA DO SOLO | ||
| 650 | _aQUALIDADE | ||
| 650 | _aUSO DA TERRA | ||
| 650 | _aPLANTIO DIRETO | ||
| 650 | _aARAUCARIA | ||
| 650 | _aPASTAGEM | ||
| 773 | 0 |
_tRevista Ceres (Brazil) _xISSN 0034-737X _g(Nov-Dec 2014), v. 61(6) p. 1006-1011 _wBR2015002749 |
|
| 909 |
_a202311 _bLúcia _c55 _dLúcia Elande |
||
| 942 |
_2AGRIS _n0 _cANA |
||
| 999 |
_c243826 _d243826 |
||